000 00550ntaaa2200205 4500
003 01
005 20251027202731.0
008 0714s1973 ag 01
040 _aAR-BaBN
_bspa
_cAR-BaBN
_eaacr
_dRIC
082 _a651.0200 E19
100 _aEly, Virginia S
_927254
245 _aThe church secretary
250 _a1 ed.
260 _aChicago :
_bMoody Press,
_c1956
300 _a190 p
500 _aIncludes reception of visitors, filing, publicity
650 _aiglesia-secretario
_927255
650 _asecretariado-iglesia
_927256
942 _cBK
999 _c22572
_d22572